Two-track cities (Record no. 107301)

MARC details
000 -LEADER
fixed length control field 01338cab a22002415a 4500
001 - CONTROL NUMBER
control field L139466
008 - FIXED-LENGTH DATA ELEMENTS--GENERAL INFORMATION
fixed length control field 070727e20070709xxkd f s 000 0 eng d
035 ## - SYSTEM CONTROL NUMBER
System control number (Sirsi) u139466
041 0# - LANGUAGE CODE
Language code of text/sound track or separate title eng
050 04 - LIBRARY OF CONGRESS CALL NUMBER
Classification number 711.52 $2 18
100 1# - MAIN ENTRY--PERSONAL NAME
Personal name Athey, Glenn
245 00 - TITLE STATEMENT
Title Two-track cities
Remainder of title the challenge of sustaining growth and building opportunity
Medium [electronic resource]
260 ## - PUBLICATION, DISTRIBUTION, ETC.
Place of publication, distribution, etc. London
Name of publisher, distributor, etc. IPPR
Date of publication, distribution, etc. 2007
490 ## - SERIES STATEMENT
Series statement Centre For Cities Discussion Papers
Volume/sequential designation 11
520 ## - SUMMARY, ETC.
Summary, etc. Describes the challenges for UK cities in the coming years. Argues that there are two types of city: those which have experienced success and renaissance in recent years, and those which have not. They share common challenges to share opportunity and each have areas of deprivation. However those which have experienced recent growth face the challenge of sustaining it. Describes the key processes, factors and drivers of economic performance. Presents the Centre for Cities' agenda for work over the next three years.
590 ## - LOCAL NOTE (RLIN)
Local note KA
651 #4 - SUBJECT ADDED ENTRY--GEOGRAPHIC NAME
Geographic name United Kingdom
Chronological subdivision
690 ## - LOCAL SUBJECT ADDED ENTRY--TOPICAL TERM (OCLC, RLIN)
Topical term or geographic name as entry element ENVIRONMENTAL AND LAND CONSULTANCY-SUSTAINABILITY-SUSTAINABLE DEVELOPMENT
700 1# - ADDED ENTRY--PERSONAL NAME
Personal name Lucci, Paula
700 1# - ADDED ENTRY--PERSONAL NAME
Personal name Webber, Chris
856 40 - ELECTRONIC LOCATION AND ACCESS
Uniform Resource Identifier <a href="https://www.ippr.org/publicationsandreports/publication.asp?id=551">https://www.ippr.org/publicationsandreports/publication.asp?id=551</a>
Public note View the article free of charge at www.ippr.org...
942 ## - ADDED ENTRY ELEMENTS (KOHA)
Suppress in OPAC 0
Holdings
Withdrawn status Lost status Source of classification or shelving scheme Damaged status Not for loan Home library Current library Shelving location Date acquired Total Checkouts Full call number Barcode Date last seen Copy number Price effective from Koha item type
    Dewey Decimal Classification     Virtual Virtual Online 27/07/2007   ONLINE PUBLICATION 139466-2001 06/08/2019 1 06/08/2019 Book